Resum històric : la Verneda de Sant Martí / [elaboració: Societat d'Estudis de la Verneda de Sant Martí] la Verneda de Sant Martí / [elaboració:
Descripción Física:
[7] p. ; 23 cm
Otros Autores:
Societat d'Estudis de la Verneda de Sant Martí
MARC
| LEADER | 00000nam a2200000Ia 4500 | ||
|---|---|---|---|
| 001 | 15401 | ||
| 008 | 160829s9999 xx 000 0 cat d | ||
| 080 | |a FU-33-55 | ||
| 245 | |a Resum històric : |b la Verneda de Sant Martí / [elaboració: |b Societat d'Estudis de la Verneda de Sant Martí] | ||
| 260 | |a [S. l. : |b s. n., s. a.] | ||
| 300 | |a [7] p. ; |c 23 cm | ||
| 590 | |a Amb la col·laboració de la Comissió de l'Arxiu Històric de Sant Martí de Provençals. | ||
| 590 | |a Variant del títol: La Verneda de Sant Martí : resum històric | ||
| 650 | |a Verneda de Sant Martí (Barcelona) |x Història |9 38991 | ||
| 700 | |a Societat d'Estudis de la Verneda de Sant Martí |9 38992 | ||
| 710 | 2 | |a Arxiu Municipal de Barcelona |9 55021 | |
| 901 | |a Arxiu | ||
| 942 | |n 1 | ||
| 952 | |0 0 |1 0 |4 0 |6 FU3355 |7 1 |9 48736 |a Arxiu |b Arxiu |d 2016-12-01 |l 0 |o FU-33-55 |p 15401 |r 2016-12-01 00:00:00 |w 2016-12-01 |y ARXIU | ||
| 999 | |c 52567 |d 52567 | ||